LEADER 01034cam0 22002413 450 001 SOB0000001457 005 20230726095124.0 100 $a20010207f0000 |||||ita|0103 ba 101 $aita 102 $aIT 200 1 $aDiscorso del Prof. comm. Deputato S. P. Mancini, pronunciato nella solenne inaugurazione del Monumento Cesare Beccaria il giorno 19 marzo 1871, in Milano 210 $as.n.t.$cS.E. 215 $a362-366 p.$d29 cm 700 1$aMancini$b, Pasquale Stanislao$3AF00004597$4070$0446854 801 0$aIT$bUNISOB$c20230726$gRICA 850 $aUNISOB 852 $aUNISOB$j340|Coll|5|K$m53260 912 $aSOB0000001457 940 $aM 102 Monografia moderna SBN 941 $aM 957 $a340|Coll|5|K$b000027$gSI$d53260$rACQUISTO$1Alfano$2UNISOB$3UNISOB$420230704100539.0$520230726095041.0$6Alfano$fFotocopia dell'originale 996 $aDiscorso del Prof. comm. Deputato S. P. Mancini, pronunciato nella solenne inaugurazione del Monumento Cesare Beccaria il giorno 19 marzo 1871, in Milano$91678743 997 $aUNISOB